Loading...

Sreenarayanaguruvinte jeevithadarsanam /

Bibliographic Details
Main Author: Ritambharanantha, Swami
Format: Printed Book
Language:English
Published: Thiruvananthapuram: State Institute of Languages, c2016.
Subjects:
LEADER 00634 a2200169 4500
008 150103s9999 000 0 eng
020 |a 9788120040922 
082 |a 294.556 
100 |a Ritambharanantha, Swami. 
245 |a Sreenarayanaguruvinte jeevithadarsanam / 
260 |a Thiruvananthapuram:  |b State Institute of Languages,  |c c2016. 
300 |a 190 p. 
650 |a Narayana Guru-1856-1928. 
653 |a Social reformer-Hindu Philosophy 
942 |c BK 
999 |c 308233  |d 308233 
952 |0 0  |1 0  |2 ddc  |4 0  |6 294_556000000000000_RIT_SR  |7 0  |9 353757  |a DRA  |b DRA  |c ST1  |d 2017-04-24  |i 9749  |l 0  |o 294.556 RIT/SR  |p DRA9749  |r 2019-01-03  |v 100.00  |w 2019-01-03  |y BK